000
00342nam a2200145Ia 4500
005
20251222140108.0
008
251222s1900||||xx |||||||||||||| ||spa||
020
_a
9788492268412
082
_a
270/S86
100
_a
Subirá, Vicente J.
245
0
_a
Ser Católico Auténtico:
250
_a
1ra. ed.
264
_b
Nácher, S.L.
942
_c
LIB
999
_c
4185
_d
4185